| 000 | 00592nam a22001817a 4500 | ||
|---|---|---|---|
| 999 |
_c176927 _d176927 |
||
| 005 | 20210202172133.0 | ||
| 010 | _aENG-128926 | ||
| 020 |
_c699.00 _a978-93-86720-10-8 |
||
| 035 | _aEN-112458 | ||
| 037 | _bDBAD/PUB | ||
| 082 | _a915.4 | ||
| 245 |
_aIndian Geography/ _bEdited by Russel Bordoloi |
||
| 260 |
_aGhaziabad _bRathore Publishers & Distributors _c2019 |
||
| 270 |
_bGhaziabad _e201010 _aBasement, 260, Shaktikand-III, Indirapuram _mrathorepublishrs@gmail.com |
||
| 300 |
_a195p. _c25cm(hbk) |
||
| 700 | _aBordoloi, Russel ,Ed. | ||
| 942 |
_2ddc _cEN _h915.4 _mIND |
||